000 00454nam a22001697a 4500
003 CEME
005 20210628205832.0
008 210317b xxu||||| |||| 00| 0 eng d
040 _c.
082 _a621.47 STI
100 _aDiver, Richard.B Stine, William.B
_977193
245 _aA compendium of solar dish-stiriling technology
260 _aUSA
_bNTIS
_c1994
300 _a103P
650 _aSOLAR DISH-STIRILING TECHNOLOGY
_977194
942 _cBK
_2ddc
999 _c582507
_d582507